000 00431cam a2200181ua 4500
020 _cRs 2.00
041 _aeng
_h
082 _a828.09
_bMUL/MI
100 _aMullik, B.R.
245 _aMilton`s paradise lost /
_cB R Mullik.
_hTextual Documents
250 _a1 /
_b.
260 _aNew Delhi :
_bS.Chand and Co ,
_c1966.
300 _a69 ; .
365 _aRs 2.00
504 _a
942 _cBK
999 _c3497
_d3497